[Event "AUT-chT2W 1718"]
[Site "Austria"]
[Date "2018.01.14"]
[Round "8.4"]
[White "Kaspret, Guido"]
[Black "Atlas, Dimitry"]
[Result "1/2-1/2"]
[WhiteElo "2273"]
[BlackElo "2174"]
[PlyCount "87"]
[EventDate "2017.10.13"]
[EventType "team-tourn"]
[EventRounds "11"]
[EventCountry "AUT"]
[SourceTitle "EXT 2019"]
[Source "ChessBase"]
[SourceDate "2018.10.10"]
[SourceVersion "1"]
[SourceVersionDate "2018.10.10"]
[SourceQuality "1"]
[WhiteTeam "Neumarkt"]
[BlackTeam "Hohenems II"]
[WhiteTeamCountry "AUT"]
[BlackTeamCountry "AUT"]

1. c4 e6 2. Nf3 d5 3. g3 Nf6 4. Bg2 Be7 5. 0-0 0-0 6. d4 b6 7. Nc3 Bb7 8. Ne5 Nbd7 9. Qa4 c6 10. Nxd7 Qxd7 11. cxd5 cxd5 12. Qxd7 Nxd7 13. Bd2 Rac8 14. Rfc1 a6 15. e3 b5 16. a4 b4 17. Na2 a5 18. Bf1 Nb6 19. b3 Bd6 20. f4 Rfd8 21. Bb5 Kf8 22. Kf2 Ke7 23. Ke2 f6 24. Rxc8 Rxc8 25. Rc1 e5 26. Rxc8 Nxc8 27. dxe5 fxe5 28. Bc1 Na7 29. Bb2 Ke6 30. fxe5 Bxe5 31. Bxe5 Kxe5 32. Bd3 h6 33. Nc1 d4 34. Bc4 Nc6 35. Nd3+ Kd6 36. exd4 Nxd4+ 37. Ke3 Nf3 38. h4 Ne5 39. Nxe5 Kxe5 40. Be2 Bd5 41. Bd1 Be4 42. Be2 Bd5 43. Bd1 Be4 44. Be2 1/2-1/2

[Event "Neumarkt am Wallersee op 15th"]
[Site "Neumarkt am Wallersee"]
[Date "2016.08.26"]
[Round "7"]
[White "Koller, Hans Juergen"]
[Black "Kaspret, Guido"]
[Result "1-0"]
[WhiteElo "2120"]
[BlackElo "2324"]
[PlyCount "93"]
[EventDate "2016.08.20"]
[EventType "swiss"]
[EventRounds "9"]
[EventCountry "AUT"]
[SourceTitle "CBM 174 Extra"]
[Source "ChessBase"]
[SourceDate "2016.10.10"]
[SourceVersion "1"]
[SourceVersionDate "2016.10.10"]
[SourceQuality "1"]

1. d4 Nf6 2. c4 g6 3. Nc3 Bg7 4. e4 d6 5. h3 c5 6. d5 e6 7. Nf3 exd5 8. cxd5 0-0 9. Bd3 Re8 10. 0-0 Na6 11. Re1 Nc7 12. a4 a6 13. Bf4 Rb8 14. a5 b5 15. axb6 Rxb6 16. Qc2 Bd7 17. Bh2 Bb5 18. e5 dxe5 19. Bxb5 Nxb5 20. Nxb5 Rxb5 21. Rxa6 e4 22. Ne5 Qxd5 23. Nc4 Rb4 24. b3 Rd8 25. Be5 Rxc4 26. Qxc4 Qxe5 27. Rc6 e3 28. f4 Qd4 29. Rxc5 Ne4 30. Rc8 Rf8 31. Rxf8+ Kxf8 32. Qc8+ Ke7 33. Qb7+ Ke6 34. Qc8+ Qd7 35. Qc4+ Kf5 36. g4+ Kxf4 37. Rf1+ Ke5 38. Rxf7 Qd1+ 39. Rf1 e2 40. Qc7+ Ke6 41. Qc8+ Qd7 42. Qc4+ Qd5 43. Qc8+ Kd6 44. Qd8+ Kc6 45. Rc1+ Bc3 46. Qa8+ Kd7 47. Qxd5+ 1-0

[Event "Neumarkt am Wallersee op 15th"]
[Site "Neumarkt am Wallersee"]
[Date "2016.08.25"]
[Round "6"]
[White "Kaspret, Guido"]
[Black "Fleischer, Frank"]
[Result "1/2-1/2"]
[WhiteElo "2324"]
[BlackElo "2205"]
[PlyCount "132"]
[EventDate "2016.08.20"]
[EventType "swiss"]
[EventRounds "9"]
[EventCountry "AUT"]
[SourceTitle "CBM 174 Extra"]
[Source "ChessBase"]
[SourceDate "2016.10.10"]
[SourceVersion "1"]
[SourceVersionDate "2016.10.10"]
[SourceQuality "1"]

1. c4 f5 2. Nf3 Nf6 3. g3 d6 4. d4 e6 5. Bg2 Be7 6. Nc3 0-0 7. 0-0 Ne4 8. Qc2 Nxc3 9. Qxc3 a5 10. b3 Nc6 11. Bb2 Bf6 12. Rad1 Qe7 13. Qd2 e5 14. d5 Nd8 15. Bc3 b6 16. a3 g5 17. b4 g4 18. Ne1 Bg5 19. Qb2 f4 20. Be4 Nb7 21. Bd2 Bd7 22. f3 axb4 23. axb4 fxg3 24. hxg3 Rf7 25. fxg4 Rxf1+ 26. Kxf1 Bxg4 27. Nf3 Bxd2 28. Qxd2 Rf8 29. Kg2 Bxf3+ 30. exf3 Nd8 31. Rh1 Rf7 32. Qh6 Rg7 33. Ra1 Qf8 34. Rh1 Qe7 35. Bf5 Kh8 36. Qh5 Qf7 37. Qxf7 Nxf7 38. Ra1 Nh6 39. Be6 Re7 40. Ra8+ Kg7 41. Kf2 Nf7 42. Ke3 Ng5 43. Bf5 Kf6 44. Bc2 h6 45. Ra7 Kf7 46. Bd1 Kf6 47. Ra8 Kg7 48. Rc8 Kf6 49. Bc2 Kg7 50. Kf2 Rf7 51. Bd1 Nxf3 52. Bxf3 e4 53. Ke2 exf3+ 54. Kf2 Kg6 55. Re8 Kg5 56. Rg8+ Kf5 57. Kxf3 h5 58. g4+ hxg4+ 59. Rxg4 Rh7 60. Rf4+ Ke5 61. Re4+ Kf5 62. Ke3 Rh1 63. Rf4+ Ke5 64. Rf7 Rh3+ 65. Kd2 Kd4 66. Rf4+ Ke5 1/2-1/2

[Event "Neumarkt am Wallersee op 15th"]
[Site "Neumarkt am Wallersee"]
[Date "2016.08.23"]
[Round "4"]
[White "Kaspret, Guido"]
[Black "Lederer, Anatol"]
[Result "1-0"]
[WhiteElo "2324"]
[BlackElo "1830"]
[PlyCount "55"]
[EventDate "2016.08.20"]
[EventType "swiss"]
[EventRounds "9"]
[EventCountry "AUT"]
[SourceTitle "CBM 174 Extra"]
[Source "ChessBase"]
[SourceDate "2016.10.10"]
[SourceVersion "1"]
[SourceVersionDate "2016.10.10"]
[SourceQuality "1"]

1. c4 g6 2. Nc3 Bg7 3. g3 c5 4. Bg2 Nc6 5. Nf3 e6 6. 0-0 Nge7 7. d4 cxd4 8. Nb5 d5 9. cxd5 Nxd5 10. Nbxd4 Nxd4 11. Nxd4 0-0 12. e4 Nb6 13. Nb3 Bd7 14. Qe2 Qe8 15. Rd1 Bb5 16. Qe1 Rd8 17. Bg5 Rc8 18. Nd4 e5 19. Nxb5 Qxb5 20. b3 Rc2 21. Rd2 Qc6 22. Rad1 Rxd2 23. Qxd2 Bf6 24. Bh6 Bg7 25. Be3 Bf6 26. Qa5 Bd8 27. Qxe5 f6 28. Qb2 1-0

[Event "AUT-chT2W 1415"]
[Site "Austria"]
[Date "2015.03.07"]
[Round "10.5"]
[White "Herbrechtsmeier, Christof"]
[Black "Kaspret, Guido"]
[Result "1-0"]
[WhiteElo "2269"]
[BlackElo "2273"]
[PlyCount "63"]
[EventDate "2014.10.10"]
[EventType "team-tourn"]
[EventRounds "11"]
[EventCountry "AUT"]
[SourceTitle "EXT 2016"]
[Source "ChessBase"]
[SourceDate "2015.10.08"]
[SourceVersion "1"]
[SourceVersionDate "2015.10.08"]
[SourceQuality "1"]
[WhiteTeam "Bregenz"]
[BlackTeam "Neumarkt"]
[WhiteTeamCountry "AUT"]
[BlackTeamCountry "AUT"]

1. e4 c5 2. Nf3 d6 3. d4 cxd4 4. Nxd4 Nf6 5. Nc3 a6 6. Bg5 Nbd7 7. Bc4 h6 8. Bh4 e5 9. Nf5 g5 10. Bg3 Nc5 11. Bxe5 Bxf5 12. Bxf6 Qxf6 13. exf5 Qxf5 14. 0-0 Ne6 15. Re1 0-0-0 16. Nd5 Kb8 17. b4 Nf4 18. Rb1 Bg7 19. b5 a5 20. Qd2 Nxd5 21. Bxd5 Rde8 22. c4 b6 23. g3 Rxe1+ 24. Rxe1 Be5 25. Bg2 Kc7 26. Qd5 Rb8 27. Kh1 Kd8 28. Rf1 Qe6 29. Qd3 Rc8 30. f4 gxf4 31. gxf4 Bb2 32. Bh3 1-0

[Event "AUT-chT2W 1415"]
[Site "Austria"]
[Date "2015.01.24"]
[Round "7.1"]
[White "Meier, Alexander"]
[Black "Kaspret, Guido"]
[Result "0-1"]
[WhiteElo "2191"]
[BlackElo "2273"]
[PlyCount "76"]
[EventDate "2014.10.10"]
[EventType "team-tourn"]
[EventRounds "11"]
[EventCountry "AUT"]
[SourceTitle "EXT 2016"]
[Source "ChessBase"]
[SourceDate "2015.10.08"]
[SourceVersion "1"]
[SourceVersionDate "2015.10.08"]
[SourceQuality "1"]
[WhiteTeam "Innsbruck"]
[BlackTeam "Neumarkt"]
[WhiteTeamCountry "AUT"]
[BlackTeamCountry "AUT"]

1. e4 d6 2. d4 Nf6 3. Nc3 e5 4. Nf3 Nbd7 5. g4 Nxg4 6. Rg1 Ngf6 7. Bc4 h6 8. Be3 c6 9. dxe5 dxe5 10. Qd3 b5 11. Bb3 a5 12. 0-0-0 Ba6 13. Ne2 Qe7 14. Ng3 g6 15. c3 a4 16. Bc2 Ng4 17. Kb1 b4 18. Qd2 Nxe3 19. Qxe3 Bc4 20. cxb4 Qxb4 21. Qd2 Qxd2 22. Rxd2 Be6 23. Ne2 Bb4 24. Rxd7 Bxd7 25. Nxe5 Bd6 26. Nxd7 Kxd7 27. f4 Rhb8 28. e5 Ba3 29. b3 c5 30. Be4 Ra7 31. Bd5 Ke7 32. f5 Rd7 33. Bc4 gxf5 34. Nc3 Rbd8 35. Rf1 Rd2 36. Rxf5 Rb2+ 37. Ka1 Rc2 38. Rxf7+ Ke8 0-1

[Event "AUT-chT2W 1415"]
[Site "Austria"]
[Date "2014.10.10"]
[Round "1.5"]
[White "Velickovic, Zoran"]
[Black "Kaspret, Guido"]
[Result "1-0"]
[WhiteElo "2395"]
[BlackElo "2273"]
[PlyCount "59"]
[EventDate "2014.10.10"]
[EventType "team-tourn"]
[EventRounds "11"]
[EventCountry "AUT"]
[SourceTitle "EXT 2015"]
[Source "ChessBase"]
[SourceDate "2014.11.20"]
[SourceVersion "1"]
[SourceVersionDate "2014.11.20"]
[SourceQuality "1"]
[WhiteTeam "Bernhard II"]
[BlackTeam "Neumarkt"]
[WhiteTeamCountry "AUT"]
[BlackTeamCountry "AUT"]

1. Nf3 d6 2. d4 Nf6 3. g3 g6 4. b3 Bg7 5. Bb2 0-0 6. Bg2 e5 7. dxe5 Ng4 8. Qc1 Nxe5 9. Nxe5 dxe5 10. 0-0 Nc6 11. Nc3 Bg4 12. Rd1 Qc8 13. Bxc6 bxc6 14. Qe3 f5 15. f3 f4 16. Qe4 Bf5 17. Qxc6 fxg3 18. hxg3 Bxc2 19. Rd7 Bf5 20. Rxc7 Qe6 21. Nd5 Qxc6 22. Ne7+ Kh8 23. Rxc6 Rad8 24. Nxf5 gxf5 25. Re6 e4 26. Bxg7+ Kxg7 27. fxe4 fxe4 28. Rxe4 Rd2 29. a4 Rb2 30. b4 1-0

[Event "Neumarkt am Wallersee op 13th"]
[Site "Neumarkt am Wallersee"]
[Date "2014.08.29"]
[Round "7"]
[White "Koller, Hans Juergen"]
[Black "Kaspret, Guido"]
[Result "0-1"]
[WhiteElo "2060"]
[BlackElo "2292"]
[PlyCount "74"]
[EventDate "2014.08.23"]
[EventType "swiss"]
[EventRounds "9"]
[EventCountry "AUT"]
[SourceTitle "EXT 2016"]
[Source "ChessBase"]
[SourceDate "2015.10.08"]
[SourceVersion "1"]
[SourceVersionDate "2015.10.08"]
[SourceQuality "1"]

1. c4 c5 2. Nc3 g6 3. g3 Bg7 4. Bg2 Nc6 5. Nf3 d6 6. 0-0 h5 7. h3 Nh6 8. d3 Nf5 9. e4 Nfd4 10. Nxd4 cxd4 11. Ne2 e5 12. Bd2 Be6 13. b4 Qd7 14. Kh2 Ne7 15. f4 f5 16. exf5 gxf5 17. h4 Ng8 18. Rc1 Nf6 19. c5 e4 20. cxd6 Qxd6 21. Qa4+ Bd7 22. Qa5 0-0 23. b5 exd3 24. Ng1 Ng4+ 25. Kh1 Ne3 26. Bb4 Qb6 27. Qxb6 axb6 28. Bxf8 Kxf8 29. Bxb7 Ra3 30. Bc6 Nxf1 31. Bxd7 Nxg3+ 32. Kg2 Ne4 33. Be6 d2 34. Rd1 Rg3+ 35. Kh2 Re3 36. Bb3 d3 37. Nh3 Re2+ 0-1

[Event "AUT-chT2M 1314"]
[Site "Austria"]
[Date "2014.03.23"]
[Round "8.4"]
[White "Kaspret, Guido"]
[Black "Trampitsch, Hannes"]
[Result "1-0"]
[WhiteElo "2301"]
[BlackElo "1997"]
[PlyCount "61"]
[EventDate "2013.10.04"]
[EventType "team-tourn"]
[EventRounds "11"]
[EventCountry "AUT"]
[SourceTitle "EXT 2015"]
[Source "ChessBase"]
[SourceDate "2014.11.20"]
[SourceVersion "1"]
[SourceVersionDate "2014.11.20"]
[SourceQuality "1"]
[WhiteTeam "Maria Saal II"]
[BlackTeam "Feffernitz"]
[WhiteTeamCountry "AUT"]
[BlackTeamCountry "AUT"]

1. c4 e6 2. Nf3 Nf6 3. g3 d5 4. Bg2 c6 5. Qc2 Nbd7 6. 0-0 Bd6 7. d3 0-0 8. Nc3 Re8 9. Bg5 Qa5 10. a3 h6 11. Bd2 Qc7 12. b3 Ne5 13. Ne1 d4 14. Ne4 Nxe4 15. dxe4 Nd7 16. f4 e5 17. f5 Bf8 18. g4 g5 19. h4 f6 20. Rf3 Bg7 21. Rh3 Kf7 22. Nf3 Nf8 23. c5 Nh7 24. e3 dxe3 25. Bxe3 Bd7 26. Bf1 Kf8 27. Bc4 Re7 28. Qh2 Be8 29. hxg5 Nxg5 30. Nxg5 fxg5 31. Rxh6 1-0

[Event "AUT-chT2M 1314"]
[Site "Austria"]
[Date "2014.03.22"]
[Round "7.5"]
[White "Pesorda, Ivan"]
[Black "Kaspret, Guido"]
[Result "1/2-1/2"]
[WhiteElo "2237"]
[BlackElo "2301"]
[PlyCount "82"]
[EventDate "2013.10.04"]
[EventType "team-tourn"]
[EventRounds "11"]
[EventCountry "AUT"]
[SourceTitle "EXT 2015"]
[Source "ChessBase"]
[SourceDate "2014.11.20"]
[SourceVersion "1"]
[SourceVersionDate "2014.11.20"]
[SourceQuality "1"]
[WhiteTeam "Graz Strassenbahn"]
[BlackTeam "Maria Saal II"]
[WhiteTeamCountry "AUT"]
[BlackTeamCountry "AUT"]

1. d4 Nf6 2. c4 d6 3. Nc3 e5 4. Nf3 Nbd7 5. e4 g6 6. Be2 Bg7 7. 0-0 0-0 8. Rb1 a5 9. Re1 Re8 10. Bf1 c6 11. d5 Nc5 12. b3 Na6 13. a3 c5 14. Re2 Bd7 15. Reb2 Nh5 16. g3 Bf8 17. Ne1 f5 18. Bh3 f4 19. Bxd7 Qxd7 20. g4 Nf6 21. f3 Be7 22. Ng2 g5 23. h4 h6 24. Bd2 b6 25. Be1 Reb8 26. Bf2 Ne8 27. hxg5 hxg5 28. Ne1 Nec7 29. a4 Kg7 30. Nd3 Rh8 31. Be1 Ne8 32. Rg2 Nf6 33. Rbb2 Nb4 34. Nxb4 axb4 35. Nb5 Ne8 36. Rh2 Rxh2 37. Rxh2 Nc7 38. Nxc7 Qxc7 39. Qe2 Rh8 40. Rxh8 Kxh8 41. Qh2+ Kg7 1/2-1/2

[Event "AUT-chT2M 1314"]
[Site "Austria"]
[Date "2013.11.17"]
[Round "5.4"]
[White "Kaspret, Guido"]
[Black "Hellmayr, Alois"]
[Result "1/2-1/2"]
[WhiteElo "2301"]
[BlackElo "2182"]
[PlyCount "62"]
[EventDate "2013.10.04"]
[EventType "team-tourn"]
[EventRounds "11"]
[EventCountry "AUT"]
[SourceTitle "EXT 2015"]
[Source "ChessBase"]
[SourceDate "2014.11.20"]
[SourceVersion "1"]
[SourceVersionDate "2014.11.20"]
[SourceQuality "1"]
[WhiteTeam "Maria Saal II"]
[BlackTeam "Sauwald"]
[WhiteTeamCountry "AUT"]
[BlackTeamCountry "AUT"]

1. Nf3 c5 2. g3 b6 3. Bg2 Bb7 4. 0-0 Nf6 5. c4 g6 6. b3 Bg7 7. Bb2 0-0 8. Nc3 d5 9. Nxd5 Nxd5 10. Bxg7 Kxg7 11. cxd5 Qxd5 12. d4 cxd4 13. Qxd4+ Qxd4 14. Nxd4 Bxg2 15. Kxg2 Na6 16. Rfc1 Rfd8 17. Nc6 Rd7 18. b4 Rc7 19. b5 Nc5 20. Nb4 Rd7 21. Rc2 a6 22. bxa6 Nxa6 23. Nd3 Rda7 24. Rb1 Nc5 25. Nxc5 bxc5 26. Rxc5 Rxa2 27. Re5 e6 28. Rb7 R8a7 29. Rxa7 Rxa7 30. f4 Ra2 31. Kf3 h5 1/2-1/2

[Event "AUT-chT2M 1314"]
[Site "Austria"]
[Date "2013.10.06"]
[Round "3.5"]
[White "Grabner, Hermann"]
[Black "Kaspret, Guido"]
[Result "0-1"]
[WhiteElo "2016"]
[BlackElo "2301"]
[PlyCount "84"]
[EventDate "2013.10.04"]
[EventType "team-tourn"]
[EventRounds "11"]
[EventCountry "AUT"]
[SourceTitle "CBM 156 Extra"]
[Source "ChessBase"]
[SourceDate "2013.10.22"]
[SourceVersion "1"]
[SourceVersionDate "2013.10.22"]
[SourceQuality "1"]
[WhiteTeam "Freistadt/Wartberg"]
[BlackTeam "Maria Saal II"]
[WhiteTeamCountry "AUT"]
[BlackTeamCountry "AUT"]

1. e4 c5 2. d4 cxd4 3. c3 d3 4. Bxd3 d6 5. f4 g6 6. Nf3 Bg7 7. Be3 Nf6 8. 0-0 Ng4 9. Qe2 Nxe3 10. Qxe3 Nd7 11. Nbd2 0-0 12. Nb3 Bh6 13. g4 Qb6 14. Qxb6 Nxb6 15. g5 Bg7 16. Rad1 Na4 17. Rd2 Bh3 18. Re1 Rac8 19. Ree2 h6 20. Kf2 hxg5 21. Nxg5 Bg4 22. Re3 f6 23. Rg3 fxg5 24. Rxg4 Rxf4+ 25. Rxf4 gxf4 26. Kf3 Be5 27. Na5 Nc5 28. Bf1 Kg7 29. Nc4 Kf6 30. Nxe5 dxe5 31. Bh3 Rh8 32. Bg4 b6 33. h3 Ne6 34. Bxe6 Kxe6 35. Kg4 g5 36. Rh2 Kf6 37. h4 gxh4 38. Rxh4 Rg8+ 39. Kf3 Rg3+ 40. Kf2 Re3 41. Rh6+ Kf7 42. Rh7+ Ke6 0-1

[Event "AUT-chT2M 1314"]
[Site "Austria"]
[Date "2013.10.05"]
[Round "2.5"]
[White "Kaspret, Guido"]
[Black "Wiesinger, Robert"]
[Result "1-0"]
[WhiteElo "2301"]
[BlackElo "2245"]
[PlyCount "85"]
[EventDate "2013.10.04"]
[EventType "team-tourn"]
[EventRounds "11"]
[EventCountry "AUT"]
[SourceTitle "CBM 156 Extra"]
[Source "ChessBase"]
[SourceDate "2013.10.22"]
[SourceVersion "1"]
[SourceVersionDate "2013.10.22"]
[SourceQuality "1"]
[WhiteTeam "Maria Saal II"]
[BlackTeam "Steyregg"]
[WhiteTeamCountry "AUT"]
[BlackTeamCountry "AUT"]

1. c4 e5 2. Nc3 Nf6 3. Nf3 Nc6 4. a3 g6 5. d4 exd4 6. Nxd4 Bg7 7. g3 0-0 8. Bg2 Re8 9. Nc2 d6 10. 0-0 Ne5 11. b3 Nfd7 12. Bb2 Nc5 13. Nd4 Rb8 14. Nd5 c6 15. Nf4 Qc7 16. Qc2 Ne6 17. Rad1 Nxf4 18. gxf4 Ng4 19. h3 Nh6 20. Qd2 Bd7 21. Nf3 Bxb2 22. Qxb2 Rbd8 23. Ng5 Bf5 24. e4 Bc8 25. Qf6 Rd7 26. Rd3 Qd8 27. Qd4 f6 28. Nf3 a6 29. Rfd1 Qe7 30. Re3 Nf7 31. Nh2 Kg7 32. h4 Nd8 33. Rg3 Ne6 34. Qe3 Nc5 35. f3 Rdd8 36. b4 Na4 37. h5 Be6 38. f5 Bxc4 39. fxg6 Be6 40. gxh7+ Kxh7 41. Rg6 Kh8 42. Qh6+ Qh7 43. Qf4 1-0

[Event "Neumarkt am Wallersee op 12th"]
[Site "Neumarkt am Wallersee"]
[Date "2013.09.01"]
[Round "9"]
[White "Kaspret, Guido"]
[Black "Harringer, Franz"]
[Result "0-1"]
[WhiteElo "2295"]
[BlackElo "2269"]
[PlyCount "80"]
[EventDate "2013.08.24"]
[EventType "swiss"]
[EventRounds "9"]
[EventCountry "AUT"]
[SourceTitle "CBM 156 Extra"]
[Source "ChessBase"]
[SourceDate "2013.10.22"]
[SourceVersion "1"]
[SourceVersionDate "2013.10.22"]
[SourceQuality "1"]

1. Nf3 g6 2. c4 Bg7 3. Nc3 Nf6 4. e4 d6 5. d4 0-0 6. Be2 e5 7. 0-0 Nc6 8. d5 Ne7 9. Ne1 Nd7 10. Be3 f5 11. f3 f4 12. Bf2 g5 13. Rc1 Ng6 14. c5 Nxc5 15. b4 Na6 16. Nb5 Bd7 17. Nxa7 h5 18. Kh1 Qb8 19. Nb5 Bh6 20. a4 Rf7 21. Nd3 Rg7 22. Rc4 Qd8 23. Qc2 g4 24. fxg4 hxg4 25. g3 Rf7 26. Bd1 Qg5 27. Nxc7 Nxc7 28. Rxc7 Bxa4 29. Qc1 Bd7 30. Be1 Qh5 31. Qb2 Bg5 32. gxf4 Qh3 33. Qg2 Qxd3 34. Be2 Qe3 35. Rxd7 Rxd7 36. Qxg4 Rg7 37. fxg5 Nf4 38. Rxf4 Qxf4 39. Qe6+ Kh8 40. Qh6+ Rh7 0-1

[Event "Neumarkt am Wallersee op 12th"]
[Site "Neumarkt am Wallersee"]
[Date "2013.08.31"]
[Round "8"]
[White "Mathe, Gaspar"]
[Black "Kaspret, Guido"]
[Result "1-0"]
[WhiteElo "2325"]
[BlackElo "2295"]
[PlyCount "67"]
[EventDate "2013.08.24"]
[EventType "swiss"]
[EventRounds "9"]
[EventCountry "AUT"]
[SourceTitle "CBM 156 Extra"]
[Source "ChessBase"]
[SourceDate "2013.10.22"]
[SourceVersion "1"]
[SourceVersionDate "2013.10.22"]
[SourceQuality "1"]

1. e4 c6 2. d4 d5 3. exd5 cxd5 4. Bd3 Nc6 5. c3 Qc7 6. Ne2 Bg4 7. f3 Bh5 8. Nf4 Nf6 9. Nxh5 Nxh5 10. Be3 e5 11. g3 exd4 12. cxd4 g6 13. Nc3 Bg7 14. Kf1 0-0 15. Ne2 Rfe8 16. Bf2 Qd7 17. g4 Nf6 18. Qd2 h5 19. h3 Qe7 20. Nc3 Qb4 21. a3 Qa5 22. Kg2 Rad8 23. Rhe1 Rxe1 24. Rxe1 hxg4 25. hxg4 Nh7 26. Bb1 Qb6 27. Ba2 Qc7 28. Nxd5 Qd6 29. Bh4 Nf6 30. Bg3 Qd7 31. Nxf6+ Bxf6 32. Qh6 Bg7 33. Qxg6 Kf8 34. Qh5 1-0

[Event "Neumarkt am Wallersee op 12th"]
[Site "Neumarkt am Wallersee"]
[Date "2013.08.27"]
[Round "4"]
[White "Fleischer, Frank"]
[Black "Kaspret, Guido"]
[Result "1/2-1/2"]
[WhiteElo "2212"]
[BlackElo "2295"]
[PlyCount "135"]
[EventDate "2013.08.24"]
[EventType "swiss"]
[EventRounds "9"]
[EventCountry "AUT"]
[SourceTitle "CBM 156 Extra"]
[Source "ChessBase"]
[SourceDate "2013.10.22"]
[SourceVersion "1"]
[SourceVersionDate "2013.10.22"]
[SourceQuality "1"]

1. e4 d6 2. d4 Nf6 3. Nc3 e5 4. dxe5 dxe5 5. Qxd8+ Kxd8 6. Nf3 Bd6 7. Bc4 Be6 8. Bb3 Nbd7 9. Bg5 h6 10. Bxf6+ Nxf6 11. 0-0-0 Ke7 12. Rhe1 Bxb3 13. axb3 c6 14. Re2 Rhd8 15. Ne1 Nd7 16. f3 Nc5 17. Nd3 Ne6 18. Ree1 b5 19. Ne2 a5 20. c3 a4 21. b4 f6 22. Kc2 Bc7 23. Ndc1 Bb6 24. Rxd8 Nxd8 25. Nd3 Nb7 26. Ng3 g6 27. Nf1 Nd6 28. Nd2 Rd8 29. Re2 Ke6 30. g3 Ra8 31. Ne1 h5 32. Kc1 h4 33. g4 h3 34. Nd3 Nc4 35. Nxc4 bxc4 36. Nc5+ Bxc5 37. bxc5 Ra5 38. Rd2 Ke7 39. Rd1 Rxc5 40. Rg1 Ra5 41. Rg3 a3 42. bxa3 Rxa3 43. Kb2 Rb3+ 44. Kc2 Ra3 45. Kb2 Ra8 46. Rxh3 Rd8 47. Rh7+ Ke6 48. h4 Rd2+ 49. Kb1 Rd3 50. Rg7 Rxc3 51. Rxg6 Kf7 52. h5 Rxf3 53. g5 fxg5 54. Rxg5 Ke6 55. Rg6+ Rf6 56. Rg3 Rf1+ 57. Kc2 Rh1 58. Kc3 Rxh5 59. Rg6+ Kd7 60. Kxc4 Rh4 61. Kc5 Rxe4 62. Rd6+ Ke7 63. Rxc6 Rd4 64. Rh6 Rd8 65. Kc4 Rd6 66. Rxd6 Kxd6 67. Kd3 e4+ 68. Kxe4 1/2-1/2

[Event "AUT-chT 1213"]
[Site "Austria"]
[Date "2013.01.17"]
[Round "4.6"]
[White "Kaspret, Guido"]
[Black "Wagner, Stephan"]
[Result "1-0"]
[WhiteElo "2303"]
[BlackElo "2178"]
[PlyCount "68"]
[EventDate "2012.11.02"]
[EventType "team-tourn"]
[EventRounds "11"]
[EventCountry "AUT"]
[SourceTitle "EXT 2014"]
[Source "ChessBase"]
[SourceDate "2013.11.20"]
[SourceVersion "1"]
[SourceVersionDate "2013.11.20"]
[SourceQuality "1"]
[WhiteTeam "St Veit"]
[BlackTeam "Zwettl"]
[WhiteTeamCountry "AUT"]
[BlackTeamCountry "AUT"]

1. c4 Nf6 2. Nc3 c5 3. Nf3 Nc6 4. d4 cxd4 5. Nxd4 g6 6. Nc2 Bg7 7. g3 0-0 8. Bg2 d6 9. 0-0 Bd7 10. b3 a6 11. Bb2 Rb8 12. Nd5 Nxd5 13. Bxg7 Ne3 14. Nxe3 Kxg7 15. Rc1 Qa5 16. c5 Rfd8 17. cxd6 Be6 18. Nc4 Bxc4 19. Rxc4 Rxd6 20. Qa1+ f6 21. Bxc6 bxc6 22. Rc2 Rd2 23. Qc1 Rbd8 24. e3 Rxc2 25. Qxc2 Rd2 26. Qxc6 Qxa2 27. Qe6 Qa3 28. Rb1 a5 29. b4 Kf8 30. b5 Qd3 31. Rc1 Qxb5 32. Rc8+ Kg7 33. Qxe7+ Kh6 34. Qf8+ Kg5 1-0

[Event "AUT-chT 1112"]
[Site "Austria"]
[Date "2012.03.02"]
[Round "5.5"]
[White "Kaspret, Guido"]
[Black "Halvax, Georg"]
[Result "0-1"]
[WhiteElo "2292"]
[BlackElo "2277"]
[PlyCount "90"]
[EventDate "2012.01.20"]
[EventType "team-tourn"]
[EventRounds "11"]
[EventCountry "AUT"]
[SourceTitle "EXT 2013"]
[Source "ChessBase"]
[SourceDate "2012.11.22"]
[SourceVersion "1"]
[SourceVersionDate "2012.11.22"]
[SourceQuality "1"]
[WhiteTeam "St Veit/Glan"]
[BlackTeam "Maria Saal"]
[WhiteTeamCountry "AUT"]
[BlackTeamCountry "AUT"]

1. c4 e6 2. Nf3 Nf6 3. b3 d5 4. Bb2 b6 5. g3 Bb7 6. cxd5 Nxd5 7. Bg2 c5 8. 0-0 Nd7 9. Na3 N7f6 10. d4 cxd4 11. Qxd4 Rc8 12. Rfd1 Bc5 13. Qa4+ Bc6 14. Qh4 Qe7 15. Nc4 0-0 16. a3 b5 17. Nce5 Ba8 18. b4 Bb6 19. e4 Nc3 20. Nd7 Bxf2+ 21. Kh1 Ncxe4 22. Ng5 Nxg5 23. Qxg5 Bxg2+ 24. Kxg2 Rc2 25. Nxf6+ Kh8 26. Kh3 Rxb2 27. Nxh7 Qxg5 28. Nxg5 Be3 29. Nf3 g6 30. Rd3 Bb6 31. Rad1 Kg7 32. R1d2 Rxd2 33. Rxd2 Kf6 34. Rd7 Rc8 35. Rd3 Rc4 36. g4 g5 37. Nd2 Rf4 38. Nb3 Bc7 39. Nd4 Rf2 40. Rf3+ Rxf3+ 41. Nxf3 Be5 42. Ne1 Bc3 43. Nd3 e5 44. Kg2 e4 45. Nc5 Ke5 0-1

[Event "AUT-chT 1112"]
[Site "Austria"]
[Date "2012.03.01"]
[Round "4.6"]
[White "Kaspret, Guido"]
[Black "Ragger, Anna Christina"]
[Result "1/2-1/2"]
[WhiteElo "2292"]
[BlackElo "2257"]
[PlyCount "144"]
[EventDate "2012.01.20"]
[EventType "team-tourn"]
[EventRounds "11"]
[EventCountry "AUT"]
[SourceTitle "EXT 2013"]
[Source "ChessBase"]
[SourceDate "2012.11.22"]
[SourceVersion "1"]
[SourceVersionDate "2012.11.22"]
[SourceQuality "1"]
[WhiteTeam "St Veit/Glan"]
[BlackTeam "Wulkaprodersdorf"]
[WhiteTeamCountry "AUT"]
[BlackTeamCountry "AUT"]

1. c4 Nf6 2. Nf3 c5 3. Nc3 Nc6 4. d4 cxd4 5. Nxd4 e6 6. g3 Bc5 7. Nb3 Be7 8. Bg2 0-0 9. 0-0 b6 10. Bf4 Ba6 11. Nb5 d5 12. Nc7 Bxc4 13. Nxa8 Qxa8 14. Re1 e5 15. Bg5 Rd8 16. Nd2 Ba6 17. Qa4 Bb7 18. Rac1 h6 19. Bxf6 Bxf6 20. b4 Bg5 21. e3 e4 22. f4 exf3 23. Nxf3 Bf6 24. b5 Ne5 25. Nxe5 Bxe5 26. Rcd1 Bc3 27. Re2 d4 28. Bxb7 Qxb7 29. Qc4 Rc8 30. Qd3 dxe3 31. Qxe3 Bb4 32. Qe4 Bc5+ 33. Kg2 Qc7 34. Qe5 Qb7+ 35. Qd5 Qxd5+ 36. Rxd5 a6 37. bxa6 Ra8 38. Kf3 Rxa6 39. Ke4 Ra7 40. Rd8+ Kh7 41. Kd5 Kg6 42. Kc6 Ra4 43. Kb7 f5 44. Ra8 Rxa8 45. Kxa8 Kf6 46. a4 g5 47. Rc2 Be3 48. Rc6+ Kg7 49. Re6 f4 50. g4 Bc5 51. Re5 f3 52. Rf5 f2 53. h3 Be3 54. Rf3 Bd4 55. Kb7 Bc5 56. Kc6 Bd4 57. Kd5 Be3 58. Ke4 Bc5 59. Kd3 Kg6 60. Ke2 Kg7 61. Rc3 Bd4 62. Rc7+ Kg6 63. Ra7 Bc5 64. Ra6 Kg7 65. Ra7+ Kg6 66. Rc7 Bd4 67. Rc6+ Kg7 68. Rd6 Bc5 69. Rd5 Be3 70. Kf1 Kg6 71. Kg2 Kg7 72. Rf5 Bd4 1/2-1/2